| 000 | 005280000a22001330004500 | ||
|---|---|---|---|
| 090 |
_aAs _bSeriadas |
||
| 245 | 1 | 0 | _aEstudio sobre cría de seis especies de mariposas (Lepidopteras: Rhopalocera) del bajo Anchicayá (Vallle) y contribución al conicimiento de su historia natural |
| 041 | 0 | _aEspañol | |
| 700 | 1 |
_aConstantino, Luis Miguel _995524 |
|
| 700 | 1 |
_aChacón de Ulloa, Patricia _91469 |
|
| 100 | 1 |
_aPrieto, Aída Viviana _9100093 |
|
| 942 | _cARTICULO | ||
| 773 | 1 |
_tRevista Colombiana de Entomología _h1-2 _q23-32 _d1999 _g25 |
|
| 999 |
_c15863 _d15863 |
||